Sociálna kvalita - výzva pre vzdelávanie
Sociálna kvalita ako nová dimenzia spoločnosti. Sociálna kompetentnosť − výzva pre vzdelávanie. Riadenie ľudských zdrojov smerom k sociálnej kvalite. Význam profesijných kompetencií v procese zmeny foriem spoločnosti.
Salvato in:
| Autore principale: | |
|---|---|
| Natura: | Capitolo di libro |
| Lingua: | slovacco |
| Soggetti: | |
| Tags: |
Nessun Tag, puoi essere il primo ad aggiungerne!!
|
MARC
| LEADER | 00000nla a2200000 4500 | ||
|---|---|---|---|
| 001 | 0194717 | ||
| 005 | 20240502073249.1 | ||
| 041 | 0 | |a slo | |
| 044 | |a SK | ||
| 245 | 1 | 0 | |a Sociálna kvalita - výzva pre vzdelávanie |c Mária Antalová |
| 520 | |a Sociálna kvalita ako nová dimenzia spoločnosti. Sociálna kompetentnosť − výzva pre vzdelávanie. Riadenie ľudských zdrojov smerom k sociálnej kvalite. Význam profesijných kompetencií v procese zmeny foriem spoločnosti. | ||
| 610 | 2 | 0 | |a vzdelávanie |
| 610 | 2 | 0 | |a kompetencie |
| 610 | 2 | 0 | |a kvalita sociálna |
| 610 | 2 | 0 | |a kohézia sociálna |
| 610 | 2 | 0 | |a zdroje ľudské |
| 100 | 1 | |a Antalová, Mária, 1952- | |